=LDR 00000nam 2200000 4500 =001 INLIS000000000014003 =005 20240731104658 =035 ##$$a 0010-061300000014003 =008 240731################g##########0#ind## =041 ##$$a Ind =082 ##$$a R.336.202 6 =090 ##$$a R.336.202 6, Ind p =245 1#$$a Peraturan perundang-undangan Pajak penghasilan (PPh),pajak bumi bangunan (PBB), Bea perolehan hak atas tanah dan bangunan, pajak daerah dan retribusi daerah /$c INDONESIA =260 ##$$a Surabaya :$b Kloang Klede Jaya,$c 1997 =300 ##$$a 827 hlm, ; $c 22 x 16 cm. =650 #4$$a Pajak dan perpajakan Indonesia =650 #4$$a Undang-undang dan peraturan =850 ##$$a NBPNMAT =084 ##$$a R.336.202 6 IND p =100 #$$a INDONESIA =990 ##$$a 110.598/Pro-97 =990 ##$$a 110.599/Pro-97 =990 ##$$a 110.600/Pro-97 =990 ##$$a 110.600/Pro-97 =990 ##$$a 110.598/Pro-97 =990 ##$$a 110.599/Pro-97 =990 ##$$a 110.599/Pro-97 =990 ##$$a 110.598/Pro-97 =990 ##$$a 110.600/Pro-97 =990 ##$$a 110.598/Pro-97 =990 ##$$a 110.599/Pro-97 =990 ##$$a 110.600/Pro-97